| 000 | 00991nam a22002778a 4500 | ||
|---|---|---|---|
| 001 | 016126739 | ||
| 003 | OSt | ||
| 005 | 20141026152238.0 | ||
| 008 | 120716s2012 xxkadf frb 001 0 eng d | ||
| 020 | _a9780749466473 (pbk.) | ||
| 020 | _a0749466472 (pbk.) | ||
| 040 |
_aStDuBDS _beng _cStDuBDS _dEG-ScBUE |
||
| 082 | 0 | 0 |
_a658.3142 _222 _bARM |
| 100 | 1 |
_aArmstrong, Michael, _d1928- _923156 |
|
| 245 | 1 | 0 |
_aArmstrong's handbook of reward management practice : _bimproving performance through reward / _cMichael Armstrong. |
| 246 | 3 | 0 | _aHandbook of reward management practice |
| 250 | _a4th ed. | ||
| 260 |
_aLondon ; _aPhiladelphia, United States ; _aNew Delhi : _bKogan Page, _c2012. |
||
| 300 |
_axiv, 442 p. : _bchart, forms, tables ; _c24 cm. |
||
| 500 | _aIndex : p. 433-442. | ||
| 504 | _aIncludes bibliographical references. | ||
| 650 | 0 |
_aEmployee motivation. _934407 |
|
| 653 |
_bBUSADM _cNovember2013 _cOctober2014 |
||
| 655 |
_vtext book _933728 |
||
| 942 |
_2ddc _cBB _k658.3142 ARM |
||
| 999 |
_c17742 _d17714 |
||